Multilingual illustrated guide to the world's commercial coldwater fish

שמור ב:
מידע ביבליוגרפי
מחבר ראשי: Frimodt, Claus (Author)
פורמט: ספר
שפה:אנגלית
גרמנית
דנית
ספרדית
צרפתית
איטלקית
יצא לאור: Oxford Fishing News Books 1995
נושאים:
תגים: הוספת תג
אין תגיות, היה/י הראשונ/ה לתייג את הרשומה!

MARC

LEADER 00000nam a2200000 a 4500
001 UCM7967
003 CL-VaPUC
008 030117e19950000UK |||||||||||||||||eng|d
041 0 7 |a eng  |2 CL-VaPUC 
041 0 7 |a ger  |2 CL-VaPUC 
041 0 7 |a dan  |2 CL-VaPUC 
041 0 7 |a spa  |2 CL-VaPUC 
041 0 7 |a fre  |2 CL-VaPUC 
041 0 7 |a ita  |2 CL-VaPUC 
082 0 4 |a 641.392  |b FRI  |2 21 
100 0 |a Frimodt, Claus  |e author  |9 475120 
245 1 0 |a Multilingual illustrated guide to the world's commercial coldwater fish 
300 |a 244 p 
942 |c BK 
945 |d 20030117 00:00:00  |a vberengu 
260 |a Oxford  |b Fishing News Books  |c 1995 
650 7 |a PECES  |2 CL-VaPUC  |9 475121 
650 7 |a PECES - ALIMENTOS  |2 CL-VaPUC  |9 475122 
650 0 |a Industria pesquera  |9 255432 
583 |a last modification  |c 20030117 00:00:00  |k Rodrigo Vera 
999 |c 303279  |d 303277 
952 |0 0  |1 0  |4 0  |6 641_392000000000000_FRI_1995  |7 0  |8 CCM  |9 364474  |a BIBCUR  |b BIBCUR  |d 2019-11-21  |i 3867269  |o 641.392 FRI 1995  |p 3867269  |r 2025-04-22  |w 2019-11-21  |y BK_X  |k RNT